000 00717pam a2200265 a 4500
999 _c8624
_d8624
001 8624
003 BD-JhCC
005 20180228095344.0
008 840525s1985 caua b 001 0 eng
020 _a0534013139
035 _a(BD-JhCC)8624
040 _aDLC
_cDLC
_dDLC
_dBD-JhCC
041 _aeng
050 0 0 _aHB90
_b.E55 1985
082 0 0 _a330
_219
_bELL 1985
100 1 _aElliott, John E.
245 1 0 _aComparative economic systems /
_cJohn E. Elliott.
250 _a2nd ed.
260 _aBelmont, Calif. :
_bWadsworth Pub.,
_cc1985.
300 _axiv, 495 p. :
_bill. ;
_c25 cm.
504 _aIncludes bibliographies and index.
650 0 _aComparative economics.
942 _2ddc
_cBK